000 00711nam a2200289Ia 4500
005 20260324123934.0
008 008 260324s9999 xx 000 0 eng d
020 _a9780203156179
037 _aEBOOK
040 _aCRL
040 _beng
040 _cCRL
041 _2eng
041 _aeng
084 _qCRL
100 _aAnn Brysbaert
_91172234
245 0 _aTracing Prehistoric Social Networks through Technology
245 2 _bA Diachronic Perspective on the Aegean
260 _bTaylor and Francis
260 _c2011
365 _a
365 _b240
856 _uhttp://www.taylorfrancis.com/books/9780203156179
942 _cEBOOK
999 _c1766179
_d1766179